[Event "Muensterland Verbandsklasse Gr1 2223"]
[Site "Germany"]
[Date "2022.09.17"]
[Round "1.6"]
[White "Jeromin, Rudolf Gustav"]
[Black "Schulze Forsthoevel, Manfred"]
[Result "1-0"]
[WhiteElo "1567"]
[BlackElo "1477"]
[PlyCount "120"]
[EventDate "2022.09.17"]
[EventType "team-tourn"]
[EventRounds "5"]
[EventCountry "GER"]
[SourceTitle "EXT 2024"]
[Source "ChessBase"]
[SourceDate "2023.10.10"]
[SourceVersion "1"]
[SourceVersionDate "2023.10.10"]
[SourceQuality "1"]
[WhiteTeam "Hiltrup"]
[BlackTeam "Heiden II"]
[WhiteTeamCountry "GER"]
[BlackTeamCountry "GER"]

1. e4 Nf6 2. e5 Nd5 3. Nf3 d6 4. c4 Nb6 5. d4 Bf5 6. a3 Nc6 7. exd6 exd6 8. Nc3 Be7 9. Bd3 Qd7 10. Be3 Na5 11. Bxf5 Qxf5 12. b3 a6 13. 0-0 0-0 14. d5 Nd7 15. Nd4 Qg6 16. f4 h5 17. f5 Qg4 18. Qxg4 hxg4 19. Rab1 Ne5 20. Ne4 b6 21. f6 gxf6 22. Nxf6+ Kg7 23. Nh5+ Kh7 24. Rf5 c5 25. dxc6 Naxc6 26. Nxc6 Nxc6 27. Bxb6 Kg6 28. Ng3 Bh4 29. Rd5 Bxg3 30. hxg3 Ne7 31. Rxd6+ Kg7 32. Rf1 Nc8 33. Bd4+ Kg8 34. Rd5 Ne7 35. Rg5+ Ng6 36. Kf2 Rad8 37. Rxg4 Rxd4 38. Rxd4 a5 39. c5 Rc8 40. b4 Ne5 41. Rfd1 Kg7 42. Rd5 Nc4 43. R1d3 a4 44. Rf5 Re8 45. b5 Ne5 46. Rxe5 Rxe5 47. Rc3 Kf6 48. b6 Re8 49. Rc4 Ke5 50. Rxa4 Kd5 51. Ra5 Kc6 52. a4 f6 53. Rb5 Rb8 54. b7 f5 55. Kf3 Kd5 56. Kf4 Kc6 57. Kxf5 Rf8+ 58. Ke6 Re8+ 59. Kf7 Rb8 60. g4 Rxb7+ 1-0

[Event "Muenster Bezirksliga 0607"]
[Site "Germany"]
[Date "2006.11.25"]
[Round "3.31"]
[White "Jeromin, Rudolf Gustav"]
[Black "Sobel, Meinhard"]
[Result "1-0"]
[WhiteElo "1781"]
[BlackElo "1606"]
[PlyCount "69"]
[EventDate "2006.09.16"]
[EventType "team"]
[EventRounds "9"]
[EventCountry "GER"]
[SourceTitle "EXT 2008"]
[Source "ChessBase"]
[SourceDate "2007.11.25"]
[SourceVersion "1"]
[SourceVersionDate "2007.11.25"]
[SourceQuality "1"]
[WhiteTeam "Hiltrup"]
[BlackTeam "Muenster SK VI"]
[WhiteTeamCountry "GER"]
[BlackTeamCountry "GER"]

1. e4 c5 2. Nf3 d6 3. Nc3 Nf6 4. Bb5+ Bd7 5. Bxd7+ Qxd7 6. 0-0 Nc6 7. d3 g6 8. Ne2 Bg7 9. c3 0-0 10. Qc2 Rfc8 11. Be3 Ng4 12. h3 Nxe3 13. fxe3 h6 14. Nf4 e6 15. Qf2 Rf8 16. d4 cxd4 17. exd4 Ne7 18. Nd3 b6 19. Rad1 Rac8 20. Qg3 f5 21. e5 d5 22. Nf4 Kf7 23. h4 Rg8 24. Qh3 Rcf8 25. Kf2 Ke8 26. g4 Kd8 27. g5 h5 28. Nd2 b5 29. Nb3 Rf7 30. Nc5 Qc8 31. Nfxe6+ Ke8 32. Qd3 a6 33. Nxa6 Qc4 34. Nec7+ Kd7 35. e6+ 1-0